South America by Area Quiz Stats

 Plays Quiz Updated Jan 1, 2019

Support Sporcle.
Go Orange.
Score 0/12 Timer 01:30
3 Plays Today
% Correct
Suriname
88.6%
Ecuador
85.3%
Paraguay
83.9%
Brazil
83.7%
Peru
82.4%
Guyana
81.7%
Colombia
80.3%
Venezuela
76%
Argentina
72.8%
Bolivia
41.7%
Uruguay
37.5%
Chile
36.2%

You're not logged in!

Compare scores with friends on all Sporcle quizzes.
OR
Log In
Forgot?

From the Vault

Bordering States/Provinces

by Booger

My parents took a road trip throughout the USA and Canada, and all I got was this lousy quiz.
Remove Ads.
Support Sporcle.
Get the best of Sporcle when you Go Orange. This ad-free experience offers more features, more stats, and more fun while also helping to support Sporcle. Thank you for becoming a member.

Show Comments

Extras

Top Quizzes Today


Score Distribution

Your Account Isn't Verified!

In order to create a playlist on Sporcle, you need to verify the email address you used during registration. Go to your Sporcle Settings to finish the process.

Report this User

Report this user for behavior that violates our Community Guidelines.

Details: